Speed Spamming - Statistics

General Stats
  • This quiz has been taken 102 times
  • The average score is 322 of 841
Answer Stats
answer % Correct
E
100%
H
100%
I
100%
K
100%
L
100%
O
100%
U
100%
Y
100%
Y
100%
A
95%
E
95%
O
95%
P
95%
S
95%
T
95%
A
91%
E
91%
E
91%
E
91%
E
91%
F
91%
G
91%
H
91%
H
91%
H
91%
I
91%
I
91%
I
91%
I
91%
L
91%
M
91%
M
91%
M
91%
O
91%
O
91%
O
91%
P
91%
Q
91%
S
91%
S
91%
S
91%
T
91%
T
91%
T
91%
U
91%
U
91%
U
91%
Y
91%
Y
91%
Z
91%
A
86%
A
86%
A
86%
A
86%
B
86%
C
86%
C
86%
D
86%
E
86%
E
86%
E
86%
E
86%
E
86%
F
86%
G
86%
G
86%
H
86%
H
86%
I
86%
I
86%
I
86%
I
86%
I
86%
I
86%
I
86%
I
86%
I
86%
I
86%
I
86%
L
86%
M
86%
M
86%
M
86%
M
86%
M
86%
M
86%
M
86%
N
86%
N
86%
N
86%
N
86%
N
86%
N
86%
N
86%
O
86%
O
86%
O
86%
O
86%
O
86%
O
86%
P
86%
P
86%
P
86%
P
86%
Q
86%
R
86%
R
86%
R
86%
S
86%
S
86%
S
86%
S
86%
S
86%
S
86%
S
86%
S
86%
S
86%
T
86%
T
86%
T
86%
T
86%
T
86%
T
86%
T
86%
T
86%
T
86%
T
86%
T
86%
T
86%
U
86%
U
86%
U
86%
U
86%
U
86%
U
86%
U
86%
W
86%
W
86%
Y
86%
Z
86%
A
82%
A
82%
A
82%
C
82%
C
82%
E
82%
E
82%
G
82%
H
82%
H
82%
H
82%
H
82%
I
82%
K
82%
K
82%
L
82%
L
82%
N
82%
O
82%
O
82%
O
82%
O
82%
O
82%
O
82%
O
82%
P
82%
T
82%
T
82%
T
82%
T
82%
T
82%
T
82%
T
82%
U
82%
U
82%
U
82%
W
82%
Y
82%
Y
82%
Y
82%
A
77%
A
77%
A
77%
A
77%
A
77%
A
77%
C
77%
C
77%
C
77%
D
77%
D
77%
E
77%
E
77%
E
77%
E
77%
E
77%
E
77%
E
77%
E
77%
F
77%
F
77%
G
77%
H
77%
H
77%
H
77%
I
77%
I
77%
I
77%
I
77%
I
77%
L
77%
M
77%
M
77%
M
77%
M
77%
N
77%
N
77%
N
77%
N
77%
N
77%
N
77%
N
77%
O
77%
O
77%
O
77%
O
77%
O
77%
O
77%
O
77%
P
77%
R
77%
S
77%
S
77%
S
77%
S
77%
S
77%
T
77%
T
77%
T
77%
T
77%
T
77%
T
77%
U
77%
U
77%
U
77%
V
77%
V
77%
W
77%
Y
77%
Y
77%
Y
77%
A
73%
A
73%
E
73%
E
73%
E
73%
F
73%
G
73%
H
73%
H
73%
I
73%
I
73%
I
73%
I
73%
L
73%
N
73%
N
73%
O
73%
O
73%
P
73%
Q
73%
R
73%
R
73%
R
73%
S
73%
T
73%
T
73%
T
73%
T
73%
T
73%
T
73%
U
73%
U
73%
Y
73%
Y
73%
Z
73%
A
68%
B
68%
D
68%
E
68%
I
68%
L
68%
M
68%
N
68%
A
64%
B
64%
E
64%
E
64%
E
64%
E
64%
F
64%
H
64%
H
64%
M
64%
N
64%
N
64%
O
64%
P
64%
R
64%
R
64%
R
64%
S
64%
T
64%
T
64%
T
64%
T
64%
T
64%
F
59%
G
59%
H
59%
H
59%
L
59%
O
59%
O
59%
T
59%
U
59%
U
59%
A
55%
D
55%
E
55%
H
55%
N
55%
N
55%
O
55%
A
9%
A
9%
A
9%
A
9%
A
9%
A
9%
A
9%
A
9%
A
9%
A
9%
A
9%
A
9%
A
9%
A
9%
A
9%
A
9%
A
9%
A
9%
A
9%
A
9%
A
9%
A
9%
A
9%
A
9%
A
9%
A
9%
A
9%
A
9%
A
9%
A
9%
A
9%
A
9%
A
9%
A
9%
A
9%
A
9%
A
9%
A
9%
A
9%
A
9%
A
9%
A
9%
A
9%
B
9%
B
9%
B
9%
B
9%
B
9%
B
9%
B
9%
B
9%
B
9%
B
9%
B
9%
E
9%
E
9%
E
9%
E
9%
E
9%
E
9%
E
9%
E
9%
E
9%
E
9%
E
9%
E
9%
E
9%
E
9%
E
9%
E
9%
E
9%
E
9%
E
9%
E
9%
E
9%
E
9%
E
9%
E
9%
E
9%
E
9%
E
9%
E
9%
E
9%
E
9%
E
9%
E
9%
E
9%
H
9%
H
9%
H
9%
H
9%
H
9%
H
9%
H
9%
H
9%
H
9%
H
9%
H
9%
I
9%
I
9%
I
9%
I
9%
I
9%
I
9%
I
9%
I
9%
I
9%
I
9%
I
9%
I
9%
I
9%
I
9%
I
9%
I
9%
I
9%
I
9%
I
9%
I
9%
I
9%
I
9%
I
9%
I
9%
I
9%
I
9%
I
9%
I
9%
I
9%
I
9%
I
9%
J
9%
J
9%
J
9%
J
9%
J
9%
J
9%
J
9%
J
9%
J
9%
J
9%
J
9%
L
9%
L
9%
L
9%
L
9%
L
9%
L
9%
L
9%
L
9%
L
9%
L
9%
L
9%
M
9%
M
9%
M
9%
M
9%
M
9%
M
9%
M
9%
M
9%
M
9%
M
9%
M
9%
M
9%
M
9%
M
9%
M
9%
M
9%
M
9%
M
9%
M
9%
M
9%
M
9%
M
9%
N
9%
N
9%
N
9%
N
9%
N
9%
N
9%
N
9%
N
9%
N
9%
N
9%
O
9%
O
9%
O
9%
O
9%
O
9%
O
9%
O
9%
O
9%
O
9%
O
9%
O
9%
O
9%
O
9%
O
9%
O
9%
O
9%
O
9%
O
9%
O
9%
O
9%
O
9%
O
9%
O
9%
O
9%
O
9%
O
9%
O
9%
O
9%
O
9%
O
9%
O
9%
O
9%
O
9%
O
9%
O
9%
O
9%
O
9%
O
9%
O
9%
O
9%
O
9%
O
9%
O
9%
R
9%
R
9%
R
9%
R
9%
R
9%
R
9%
R
9%
R
9%
R
9%
R
9%
R
9%
R
9%
R
9%
R
9%
R
9%
R
9%
R
9%
R
9%
R
9%
R
9%
R
9%
R
9%
R
9%
R
9%
R
9%
R
9%
R
9%
R
9%
R
9%
R
9%
R
9%
R
9%
S
9%
S
9%
S
9%
S
9%
S
9%
S
9%
S
9%
S
9%
S
9%
S
9%
S
9%
S
9%
S
9%
S
9%
S
9%
S
9%
S
9%
S
9%
S
9%
S
9%
S
9%
S
9%
S
9%
S
9%
S
9%
S
9%
S
9%
S
9%
S
9%
S
9%
S
9%
S
9%
T
9%
T
9%
T
9%
T
9%
T
9%
T
9%
T
9%
T
9%
T
9%
T
9%
T
9%
T
9%
T
9%
T
9%
T
9%
T
9%
T
9%
T
9%
T
9%
T
9%
T
9%
T
9%
T
9%
T
9%
T
9%
T
9%
T
9%
T
9%
T
9%
T
9%
T
9%
T
9%
T
9%
T
9%
T
9%
T
9%
T
9%
T
9%
T
9%
T
9%
T
9%
T
9%
T
9%
T
9%
T
9%
T
9%
T
9%
T
9%
T
9%
T
9%
T
9%
T
9%
T
9%
T
9%
U
9%
U
9%
U
9%
U
9%
U
9%
U
9%
U
9%
U
9%
U
9%
U
9%
U
9%
U
9%
U
9%
U
9%
U
9%
U
9%
U
9%
U
9%
U
9%
U
9%
U
9%
U
9%
W
9%
W
9%
W
9%
W
9%
W
9%
W
9%
W
9%
W
9%
W
9%
W
9%
A
0%
A
0%
A
0%
A
0%
A
0%
B
0%
B
0%
C
0%
C
0%
C
0%
D
0%
D
0%
D
0%
D
0%
D
0%
E
0%
E
0%
E
0%
E
0%
E
0%
E
0%
E
0%
E
0%
E
0%
E
0%
E
0%
E
0%
E
0%
E
0%
E
0%
E
0%
F
0%
F
0%
F
0%
F
0%
F
0%
G
0%
G
0%
Game
0%
H
0%
H
0%
H
0%
H
0%
H
0%
H
0%
H
0%
H
0%
I
0%
I
0%
I
0%
I
0%
I
0%
I
0%
I
0%
I
0%
K
0%
K
0%
L
0%
L
0%
L
0%
L
0%
L
0%
L
0%
L
0%
M
0%
M
0%
M
0%
M
0%
N
0%
N
0%
N
0%
N
0%
N
0%
N
0%
N
0%
N
0%
N
0%
N
0%
N
0%
O
0%
O
0%
O
0%
O
0%
O
0%
O
0%
O
0%
O
0%
O
0%
O
0%
O
0%
O
0%
O
0%
Over
0%
P
0%
P
0%
P
0%
R
0%
R
0%
R
0%
R
0%
S
0%
S
0%
S
0%
S
0%
S
0%
S
0%
T
0%
T
0%
T
0%
T
0%
T
0%
T
0%
T
0%
T
0%
T
0%
T
0%
T
0%
U
0%
U
0%
U
0%
U
0%
W
0%
W
0%
W
0%
W
0%
Y
0%
Y
0%
Y
0%
Y
0%
Y
0%
Y
0%
No matching quizzes found
Score Distribution
Percent of People with Each Score
Percentile by Number Answered
Your Score History
You have not taken this quiz